00508 2200181 4500001002100000005001500021035002000036245007700056100001600133250001700149300003100166260003300197082001000230084001600240020002200256650002800278500002000306INLIS00000000000076820241025093746 a0010-10240000611 aEnsiklopedia Matematika SD :bPenjumlahan dan Pengurangan /cJanu Ismadi0 aJanu Ismadi aCetakan ke-1 av, 36 hlm :bIlus ;c30 cm aBandung :bAzka press,c2006 a510.3 a510.3 JAN e a978-979-1211-07-8 4aEnsiklopedia Matematika aSeri Matematika